Top 5 marcas de celulares que mais vendem - Statistics

Estatísticas Gerais
  • Esse quiz foi jogado 514 vezes
  • A pontuação média é 4 de 5
Estatísticas das Respostas
Hint Resposta % Correto
Samsung
99%
Apple
93%
Motorola
88%
Xiaomi
77%
Realme
13%
Nenhum quiz correspondente encontrado
Distribuição das Pontuações
Porcentagem de Pessoas com Cada Pontuação
Percentil de Números Respondidos
Sua Pontuação Histórica
Você não jogou esse quiz